000 00515nam a22001577a 4500
003 OSt
005 20251031105903.0
008 251031b |||||||| |||| 00| 0 eng d
022 _a0040-5639
100 _aLisa Sowle Cahill
245 _aMARTIN, JAMES, SJ:
_bHow the Catholic Church and the LGBT Community Can Enter into a Relationship of Respect, Compassion and Senstivity
260 _aUSA,
_bSages Publications;
_c2018
300 _aP.212-214
440 _aTheological Studies
_nNo.1
_vVol.79
942 _2lcc
_cART
999 _c205015
_d204975